• 首页
  • 本馆介绍
  • 公告通知
  • 最新文献
  • 馆藏检索
  • 电子资源
  • 读者导购
  • 参考咨询
  • 我的图书馆
  • 登录
  • 详细信息显示
  • 放入我的书架
  • 预约/预借图书
  • 作者相关作品
  • 分类相关作品
  • 丛书相关作品
  • 出版社相关作品

书目信息

  • 表格格式
  • 工作单格式
  • 卡片格式
题名:
排版大师——InDesign CS4中文版经典案例完全解析
    
 
作者: 刘孟辉 , 刘亚利 编著
分册:  
出版信息: 北京   清华大学出版社  2009
页数: 483页
开本: 26cm
丛书名:
单 册:
中图分类: TS803.23
科图分类:
主题词: 排版--应用软件--基本知识 , 排版 , 应用软件
电子资源:
ISBN: 978-7-302-21084-9
000 01081nam0 2200289 45
001 1033131171
005 20100407100040.79
010    @a978-7-302-21084-9@dCNY60.00
100    @a20100402d2009 em y0chiy50 ea
101 0  @achi
102    @aCN@b110000
105    @aa z 000yy
106    @ar
200 1  @a排版大师——InDesign CS4中文版经典案例完全解析@APai Ban Da Shi—— InDesign CS4 Zhong Wen Ban Jing Dian An Li Wan Quan Jie Xi@f刘孟辉,刘亚利编著@FLiu Meng Hui, Liu Ya Li Bian Zhu
210    @a北京@c清华大学出版社@d2009
215    @a483页@c图@d26cm@e附光盘1片
307    @a附光盘:ISBN 978-7-302-21084-9
330    @a本书分为10章,分别介绍了InDesign CS4软件的基本知识、文字排版与特效、图形设计与图形操作、图像的导入与控制、颜色的基础知识及应用、图文关系与图层等。
606 0  @a排版@x应用软件@x基本知识
606 0  @a排版
606 0  @a应用软件
610 0  @aInDesign
690    @aTS803.23@v4
701  0 @a刘孟辉@ALiu Meng Hui@c(电子排版)@4编著
701  0 @a刘亚利@ALiu Ya Li@4编著
801  0 @aCN@bTANGWEI@c20100407
905    @b0588725-29@dTS803.23@e52@f5
    
    排版大师——InDesign CS4中文版经典案例完全解析/刘孟辉,刘亚利编著.-北京:清华大学出版社,2009
    483页:图;26cm+附光盘1片
    
    
    ISBN 978-7-302-21084-9:CNY60.00
    本书分为10章,分别介绍了InDesign CS4软件的基本知识、文字排版与特效、图形设计与图形操作、图像的导入与控制、颜色的基础知识及应用、图文关系与图层等。
●
相关链接 在E读中查询图书 在五车中查询图书 在当当中查询图书 在豆瓣中查询图书


正题名:排版大师——InDesign CS4中文版经典案例完全解析     索取号:TS803.23/52         预约/预借

序号 登录号 条形码 馆藏地/架位号 状态 备注
1 0588725   205887254   第二样本阅览室/ [索取号:TS803.23/52] 在馆    
2 0588726   205887263   第三借阅区/ [索取号:TS803.23/52] 在馆    
3 0588727   205887272   第三借阅区/ [索取号:TS803.23/52] 在馆    
4 0588728   205887281   第三借阅区/ [索取号:TS803.23/52] 在馆    
5 0588729   205887290   第三借阅区/ [索取号:TS803.23/52] 在馆    
唐山师范学院图书馆 欢迎您!
大连网信软件有限公司© 版权所有